Aromatic polyethers based on heterocyclic monomers (Record no. 66020)
[ view plain ]
| 000 -LEADER | |
|---|---|
| fixed length control field | 01609nam a2200409Ia 4500 |
| 082 04 - DEWEY DECIMAL CLASSIFICATION NUMBER | |
| Classification number | 668.4/23 |
| 100 1# - MAIN ENTRY--AUTHOR NAME | |
| Personal name | Rusanov, A. L. |
| 245 10 - TITLE STATEMENT | |
| Title | Aromatic polyethers based on heterocyclic monomers |
| 260 ## - PUBLICATION, DISTRIBUTION, ETC. (IMPRINT) | |
| Place of publication | New York : |
| Name of publisher | Novinka/Nova Science Publishers, |
| Year of publication | c2011. |
| 300 ## - PHYSICAL DESCRIPTION | |
| Number of Pages | vi, 171 p. : |
| Other physical details | ill. |
| 490 1# - SERIES STATEMENT | |
| Series statement | Chemistry research applications |
| 500 ## - GENERAL NOTE | |
| General note | Translated from the Russian. |
| 650 #0 - SUBJECT ADDED ENTRY--TOPICAL TERM | |
| Topical Term | Polyethers |
| Topical Term | Aromatic compounds |
| Topical Term | Monomers. |
| Topical Term | Heterocyclic compounds. |
| 700 1# - ADDED ENTRY--PERSONAL NAME | |
| Personal name | Belmoina, N. M. |
| 856 40 - ELECTRONIC LOCATION AND ACCESS | |
| Uniform Resource Identifier | http://site.ebrary.com/lib/rucke/Doc?id=10661816 |
No items available.
